Las mil y una lecturas : antología 5 /
Guardado en:
| Autor Principal: | |
|---|---|
| Otros Autores: | |
| Formato: | Libro |
| Publicado: |
Buenos Aires :
Aique,
1998
|
| Materias: | |
| Etiquetas: |
Agregar Etiqueta
Sin Etiquetas, Sea el primero en etiquetar este registro!
|
| LEADER | 01100nam a22002175a 4500 | ||
|---|---|---|---|
| 001 | CEM.cems010868 | ||
| 005 | 20080311124012.0 | ||
| 008 | 130507s1998##################000#0#####d | ||
| 003 | CEMS | ||
| 020 | |a 950701506X | ||
| 082 | 0 | 4 | |a SG372.4 |
| 100 | 1 | |a Arias, Ana | |
| 245 | 1 | 0 | |a Las mil y una lecturas : |b antología 5 / |c Ana Arias, Ana María Finocchio |
| 260 | |a Buenos Aires : |b Aique, |c 1998 | ||
| 300 | |a 128 p. | ||
| 505 | 0 | |a Historieta: el mundo en cuadritos -- Historia de la historieta -- Los chicos y sus derechos -- La Convención sobre los Derechos del Niño -- De brujas y ogros -- Los libros -- La historia del libro -- El país de la fantasía -- Cuentos chinos -- Cuentos de fantasmas -- Planeta tierra o planeta mar -- Deportes y deportistas -- El origen de algunos deportes -- Fútbol -- Tenis -- Básquet -- Vóleibol -- Patinaje -- Más allá del planeta tierra | |
| 653 | |a Colección biblioteca maría de los angeles saggio | ||
| 653 | |a Antología | ||
| 653 | |a Lecturass | ||
| 700 | 1 | |a Finocchio, Ana María | |
| 859 | |a CEMS |b BIB. CEMS - 11 de abril |h SG372.4 |i Ar41 |p 21578.01 |t Ej.1 |v 5º |3 5º | ||
